000 00887nam a2200277 a 4500
001 000014257
005 20200929163537.0
008 091208s2000 sp 000 f spa d
020 _a8495501155
040 _aDO-SdBNP
_bspa
_cBNPHU
041 1 7 _aspa
_heng
_2Código de idioma MARC
082 _a823.92
_bJ27u
100 1 _aJames, P. D.,
_d1920-
_912989
240 1 0 _aA certain justice.
_lEspañol
245 1 0 _aUna cierta justicia /
_cP. D. James ; traducción de Eugenia Ciocchini.
260 _a[Madrid] :
_bSuma de Letras,
_c2000.
300 _a589, [2] p. ;
_c18 cm.
490 1 _aPunto de lectura
_v16/1
534 _pTítulo original en inglés:
_tA certain justice
_c1997
650 4 _aNovela inglesa
_91071
650 4 _aLiteratura inglesa
_9498
700 1 _aCiocchini, Eugenia,
_etr.
_932191
830 0 _aPunto de lectura ;
_v16/1
_93047
910 _aWM
049 _aBNGR
999 _c13853
_d13853